Italian Brainrot - Statistiken

Allgemein
  • Dieses Quiz wurde 315 mal gespielt
  • Das Durchschnittsergebnis liegt bei 4 aus 16
Antwortstatistiken
Bildquiz Antwort % Korrekt
Tralalero Tralala
76%
Brr Brr Patapim
59%
Lirili Larila
53%
Tung Tung Tung Tung Tung Sahur
45%
Chimpanzini Bananini
32%
Frigo Kamelo
25%
Boneca Ambalabu
24%
Frulli Frulla
22%
Bombombini Gusini
16%
La vaca Saturno Saturnita
16%
Glorbo Frutodrillo
15%
Trippi Troppi Troppa Trippa
15%
Bombadiro Krokodilo
10%
Boberito Bandito
6%
Din Din Din Dun
3%
Burbaloni Luliloni
0%
Keine übereinstimmenden Quizze gefunden
Verteilung der Resultate
Anzahl Personen mit jedem Resultat
Perzentil nach korrekt beantworteten Fragen
Ihre Resultats-Entwicklung
Sie haben dieses Quiz noch nicht gespielt